[Event "Bad Zwesten op 9th"]
[Site "Bad Zwesten"]
[Date "2005.01.04"]
[Round "4"]
[White "Hoolt, Sarah"]
[Black "Rohde, Torsten"]
[Result "1-0"]
[WhiteElo "2030"]
[BlackElo "2147"]
[PlyCount "57"]
[EventDate "2005.01.02"]
[EventType "swiss"]
[EventRounds "9"]
[EventCountry "GER"]
[SourceTitle "CBM 104 Extra"]
[Source "ChessBase"]
[SourceDate "2005.03.01"]
[SourceVersion "1"]
[SourceVersionDate "2005.03.01"]
[SourceQuality "1"]

1. e4 b6 2. d4 e6 3. Nf3 Bb7 4. Bd3 c5 5. c3 Nf6 6. Qe2 d6 7. Bg5 Be7 8. 0-0 0-0 9. Nbd2 Nbd7 10. Rad1 h6 11. Bh4 g5 12. Nxg5 hxg5 13. Bxg5 e5 14. f4 Kh8 15. Qe3 Nh7 16. Qh3 Rg8 17. Nc4 f6 18. Bh4 Bc8 19. Ne3 Rg6 20. Nf5 Kg8 21. Bc4+ Kh8 22. Bf7 Rg7 23. Be6 cxd4 24. Nxg7 Kxg7 25. Qg4+ Kh8 26. Rf3 exf4 27. Rh3 Ne5 28. Qh5 Qc7 29. Qe8+ 1-0

[Event "Bad Zwesten op 9th"]
[Site "Bad Zwesten"]
[Date "2005.01.02"]
[Round "1"]
[White "Rohde, Torsten"]
[Black "Ma, Beini"]
[Result "1-0"]
[WhiteElo "2147"]
[BlackElo "1550"]
[PlyCount "31"]
[EventDate "2005.01.02"]
[EventType "swiss"]
[EventRounds "9"]
[EventCountry "GER"]
[SourceTitle "CBM 104 Extra"]
[Source "ChessBase"]
[SourceDate "2005.03.01"]
[SourceVersion "1"]
[SourceVersionDate "2005.03.01"]
[SourceQuality "1"]

1. e4 c5 2. Nf3 d6 3. d4 cxd4 4. Nxd4 Nf6 5. Nc3 a6 6. Bg5 e6 7. f4 Be7 8. Qf3 Qc7 9. 0-0-0 Nbd7 10. Bd3 Rb8 11. Rhe1 b5 12. Nd5 Nxd5 13. exd5 e5 14. Bxe7 f6 15. Nc6 Rb6 16. Qh5+ 1-0

[Event "Bad Zwesten op 8th"]
[Site "Bad Zwesten"]
[Date "2004.01.07"]
[Round "9"]
[White "Stabolewski, Andreas"]
[Black "Rohde, Torsten"]
[Result "0-1"]
[WhiteElo "2226"]
[BlackElo "2102"]
[PlyCount "92"]
[EventDate "2004.01.??"]
[EventType "swiss"]
[EventRounds "9"]
[EventCountry "GER"]
[SourceTitle "CBM 098 Extra"]
[Source "ChessBase"]
[SourceDate "2004.03.10"]
[SourceVersion "2"]
[SourceVersionDate "2004.03.10"]
[SourceQuality "1"]

1. d4 Nf6 2. c4 e6 3. Nc3 Bb4 4. e3 0-0 5. Nge2 c5 6. a3 Bxc3+ 7. Nxc3 cxd4 8. exd4 d5 9. c5 Ne4 10. Nxe4 dxe4 11. Be3 Nc6 12. g3 f5 13. Bg2 Qf6 14. f3 exf3 15. Bxf3 Rd8 16. Bxc6 bxc6 17. h4 Ba6 18. Qf3 Bc4 19. Qf2 Qf7 20. Bf4 Qh5 21. Bd6 Qg4 22. Qe3 a5 23. Rc1 Bd5 24. Rh2 Rd7 25. Rc3 a4 26. Bf4 Ra5 27. h5 g5 28. hxg6 Qxg6 29. Rh6 Qg7 30. Rh5 Kf7 31. Rg5 Qh6 32. Rxf5+ exf5 33. Bxh6 Re7 34. Qxe7+ Kxe7 35. Bd2 Rb5 36. Re3+ Kf6 37. Bb4 Rb7 38. Kf2 f4 39. gxf4 Kf5 40. Re8 Kxf4 41. Re5 Rf7 42. Be1 h5 43. Bd2+ Kg4+ 44. Kg1 h4 45. Rg5+ Kf3 46. Rh5 Ke2 0-1

[Event "Bad Zwesten op 8th"]
[Site "Bad Zwesten"]
[Date "2004.01.04"]
[Round "4"]
[White "Rohde, Torsten"]
[Black "Koller, Jens"]
[Result "1-0"]
[WhiteElo "2102"]
[BlackElo "2257"]
[PlyCount "41"]
[EventDate "2004.01.??"]
[EventType "swiss"]
[EventRounds "9"]
[EventCountry "GER"]
[SourceTitle "CBM 098 Extra"]
[Source "ChessBase"]
[SourceDate "2004.03.10"]
[SourceVersion "2"]
[SourceVersionDate "2004.03.10"]
[SourceQuality "1"]

1. e4 c5 2. Nf3 e6 3. c3 Nf6 4. e5 Nd5 5. d4 cxd4 6. cxd4 b6 7. Bc4 Bb7 8. 0-0 Be7 9. Bxd5 Bxd5 10. Nc3 Bc4 11. Re1 Bb4 12. Bg5 Qc8 13. Rc1 Qa6 14. Ne4 0-0 15. Nfd2 Bd5 16. Re3 Nc6 17. Nf6+ gxf6 18. Bxf6 Ne7 19. Qh5 Rfc8 20. Rc5 Bxc5 21. Qh6 1-0

[Event "Bad Zwesten op 8th"]
[Site "Bad Zwesten"]
[Date "2004.01.03"]
[Round "3"]
[White "Plischki, Sebastian"]
[Black "Rohde, Torsten"]
[Result "1-0"]
[WhiteElo "2338"]
[BlackElo "2102"]
[PlyCount "75"]
[EventDate "2004.01.??"]
[EventType "swiss"]
[EventRounds "9"]
[EventCountry "GER"]
[SourceTitle "CBM 098 Extra"]
[Source "ChessBase"]
[SourceDate "2004.03.10"]
[SourceVersion "2"]
[SourceVersionDate "2004.03.10"]
[SourceQuality "1"]

1. d4 Nf6 2. c4 e6 3. Nc3 c5 4. d5 exd5 5. cxd5 d6 6. e4 g6 7. h3 Bg7 8. Bd3 0-0 9. Nf3 a6 10. a4 Nbd7 11. 0-0 Qe7 12. Bf4 Rb8 13. Re1 Ne8 14. Qd2 Nc7 15. Bf1 Rd8 16. Rab1 b5 17. axb5 Nxb5 18. Nxb5 axb5 19. b4 c4 20. Nd4 Bxd4 21. Qxd4 Bb7 22. Bd2 Ra8 23. f4 Qf6 24. Qe3 Re8 25. Bc3 Qd8 26. Kh1 Qb6 27. Qd2 Ra3 28. Ra1 Rxa1 29. Bxa1 Qd8 30. Qc3 f6 31. Kh2 Nb6 32. Re2 Kf7 33. Qd4 Nd7 34. g3 Qa8 35. h4 Qa3 36. Bh3 Ne5 37. fxe5 Rxe5 38. Be6+ 1-0

[Event "Bad Zwesten op 8th"]
[Site "Bad Zwesten"]
[Date "2004.01.02"]
[Round "1"]
[White "Wich, Manuela"]
[Black "Rohde, Torsten"]
[Result "0-1"]
[WhiteElo "1312"]
[BlackElo "2102"]
[PlyCount "76"]
[EventDate "2004.01.??"]
[EventType "swiss"]
[EventRounds "9"]
[EventCountry "GER"]
[SourceTitle "CBM 098 Extra"]
[Source "ChessBase"]
[SourceDate "2004.03.10"]
[SourceVersion "2"]
[SourceVersionDate "2004.03.10"]
[SourceQuality "1"]

1. d4 Nf6 2. c4 e6 3. Nc3 c5 4. d5 exd5 5. cxd5 d6 6. e4 g6 7. Bd3 Bg7 8. Nge2 0-0 9. f3 Nbd7 10. 0-0 a6 11. a4 Ne5 12. b3 Rb8 13. Rb1 Bd7 14. Bc2 b5 15. f4 Neg4 16. h3 Nh6 17. Ng3 Ne8 18. Nce2 f5 19. Bb2 Bxb2 20. Rxb2 bxa4 21. exf5 Nxf5 22. Nxf5 gxf5 23. Ng3 Rb4 24. Qh5 Ng7 25. Qf3 c4 26. Qc3 Qb6+ 27. Kh2 cxb3 28. Bd3 a5 29. Rfb1 Rxf4 30. Be2 Re8 31. Nh5 Nxh5 32. Bxh5 Qe3 33. Qxa5 Qe5 34. Bxe8 Bxe8 35. Kh1 Re4 36. Qd2 f4 37. Qa5 Bf7 38. Qxa4 Rxa4 0-1

[Event "Hessenliga 0304"]
[Site "Germany"]
[Date "2003.12.07"]
[Round "4.6"]
[White "Wolff, Peter"]
[Black "Rohde, Torsten"]
[Result "0-1"]
[WhiteElo "2082"]
[BlackElo "2144"]
[PlyCount "72"]
[EventDate "2003.10.??"]
[EventType "team"]
[EventRounds "9"]
[EventCountry "GER"]
[SourceTitle "EXT 2005"]
[Source "ChessBase"]
[SourceDate "2004.11.15"]
[SourceVersion "1"]
[SourceVersionDate "2004.11.15"]
[SourceQuality "1"]
[WhiteTeam "Offenbach II"]
[BlackTeam "Baunatal"]
[WhiteTeamCountry "GER"]
[BlackTeamCountry "GER"]

1. c4 Nf6 2. Nc3 c5 3. Nf3 e6 4. d4 cxd4 5. Nxd4 a6 6. e4 d6 7. Be2 b6 8. Bf3 Ra7 9. 0-0 Rc7 10. Qb3 Nbd7 11. Qa4 Bb7 12. Bg5 Qc8 13. b3 Be7 14. Rac1 0-0 15. Rfd1 b5 16. Ncxb5 axb5 17. Nxb5 Bc6 18. Qa5 Bxb5 19. cxb5 Rxc1 20. Rxc1 Qb8 21. a4 Nc5 22. Qc3 Nfxe4 23. Bxe7 Nxc3 24. Bxf8 Na2 25. Ra1 Kxf8 26. Rxa2 Nxb3 27. a5 Qxb5 28. a6 Na5 29. Ra1 Qxa6 30. Rb1 d5 31. Bd1 Nc4 32. Bc2 g6 33. h3 Kg7 34. Bd3 Qa2 35. Rb7 Qd2 36. Bf1 Qe1 0-1

[Event "GER-ch Lands U20"]
[Site "Kassel"]
[Date "2003.10.20"]
[Round "3.3"]
[White "Rohde, Torsten"]
[Black "Janotta, Steffi"]
[Result "1-0"]
[WhiteElo "2102"]
[BlackElo "1766"]
[PlyCount "37"]
[EventDate "2003.10.19"]
[EventType "team"]
[EventRounds "7"]
[EventCountry "GER"]
[SourceTitle "EXT 2004"]
[Source "ChessBase"]
[SourceDate "2003.11.25"]
[SourceVersion "1"]
[SourceVersionDate "2003.11.25"]
[SourceQuality "1"]

1. e4 d5 2. exd5 Qxd5 3. Nc3 Qa5 4. Bc4 c6 5. d3 Bf5 6. Bd2 e6 7. Qe2 Bd6 8. 0-0-0 Qc7 9. g4 Bg6 10. h4 h6 11. Re1 Ne7 12. Nh3 Nd7 13. h5 Bh7 14. g5 hxg5 15. Nxg5 Ne5 16. Bxe6 fxe6 17. Nxe6 Qb6 18. Bf4 Bxd3 19. cxd3 1-0

[Event "Dortmund op-A"]
[Site "Dortmund"]
[Date "2003.08.07"]
[Round "6"]
[White "Rohde, Torsten"]
[Black "Meyer, Gerd"]
[Result "1-0"]
[WhiteElo "2144"]
[BlackElo "2021"]
[PlyCount "57"]
[EventDate "2003.08.01"]
[EventType "swiss"]
[EventRounds "9"]
[EventCountry "GER"]
[SourceTitle "CBM 095 Extra"]
[Source "ChessBase"]
[SourceDate "2003.09.04"]
[SourceVersion "1"]
[SourceVersionDate "2003.09.04"]
[SourceQuality "1"]

1. e4 e5 2. Nf3 Nc6 3. Bb5 f5 4. d3 fxe4 5. dxe4 d6 6. Bc4 h6 7. Nc3 Nf6 8. h3 Na5 9. Be2 Be6 10. 0-0 a6 11. Nh4 Bf7 12. Nf5 g6 13. Ne3 Nc6 14. f4 Bg7 15. Nc4 Nd7 16. Nd5 b5 17. Nce3 Nd4 18. Bg4 h5 19. Bxd7+ Qxd7 20. c3 Nc6 21. f5 Qd8 22. fxg6 Bxg6 23. Nf5 Bf6 24. Nxd6+ cxd6 25. Nxf6+ Ke7 26. Bg5 Qb6+ 27. Kh1 Qc5 28. b4 Qc4 29. Nd5+ 1-0

[Event "Dortmund op-A"]
[Site "Dortmund"]
[Date "2003.08.06"]
[Round "5"]
[White "Lutz, Juergen"]
[Black "Rohde, Torsten"]
[Result "0-1"]
[WhiteElo "2021"]
[BlackElo "2144"]
[PlyCount "80"]
[EventDate "2003.08.01"]
[EventType "swiss"]
[EventRounds "9"]
[EventCountry "GER"]
[SourceTitle "CBM 095 Extra"]
[Source "ChessBase"]
[SourceDate "2003.09.04"]
[SourceVersion "1"]
[SourceVersionDate "2003.09.04"]
[SourceQuality "1"]

1. e4 c5 2. Nf3 d6 3. d4 cxd4 4. Nxd4 Nf6 5. Nc3 g6 6. Be3 Bg7 7. f3 Nc6 8. Qd2 0-0 9. 0-0-0 Nxd4 10. Bxd4 Be6 11. Kb1 Qc7 12. Nd5 Bxd5 13. exd5 Rfc8 14. Rc1 Bf8 15. Be3 a6 16. h4 b5 17. h5 Qb7 18. hxg6 fxg6 19. g3 Qxd5 20. Bh3 Qxd2 21. Be6+ Kh8 22. Bxd2 Rc5 23. Bc3 Rxc3 24. bxc3 d5 25. g4 g5 26. Rcd1 Rd8 27. Rd2 Rd6 28. Bf5 e6 29. Bd3 h6 30. Re2 Kg7 31. Rhe1 Kf7 32. Kc1 Bg7 33. Kb2 Nd7 34. Kb3 Rc6 35. Re3 Rxc3+ 36. Kb4 Rc6 37. a4 Bc3+ 38. Kb3 bxa4+ 39. Kxa4 Nc5+ 40. Ka3 Bxe1 0-1

[Event "GER-ch U16"]
[Site "Willingen"]
[Date "2003.06.13"]
[Round "8"]
[White "Ratkovitch, Dimitri"]
[Black "Rohde, Torsten"]
[Result "1/2-1/2"]
[WhiteElo "1818"]
[BlackElo "2182"]
[PlyCount "72"]
[EventDate "2003.06.08"]
[EventType "swiss"]
[EventRounds "9"]
[EventCountry "GER"]
[SourceTitle "CBM 094 Extra"]
[Source "ChessBase"]
[SourceDate "2003.07.09"]
[SourceVersion "2"]
[SourceVersionDate "2003.07.09"]
[SourceQuality "1"]

1. e4 c5 2. c3 d5 3. exd5 Qxd5 4. d4 Nf6 5. Nf3 Bg4 6. Nbd2 cxd4 7. Bc4 Qf5 8. Qb3 Bxf3 9. Bxf7+ Kd8 10. Nxf3 Qe4+ 11. Be3 dxe3 12. 0-0-0+ Nbd7 13. Rd4 Qc6 14. Ne5 Qb6 15. Qxb6+ axb6 16. Nxd7 Kc7 17. Ne5 e6 18. Nd3 Bc5 19. Rc4 Rxa2 20. Kc2 Kd6 21. Nc1 Ra1 22. b4 Ke7 23. bxc5 bxc5 24. Bxe6 Kxe6 25. Re1 Kd5 26. Rxc5+ Kxc5 27. Nd3+ Kc6 28. Rxa1 exf2 29. Nxf2 Re8 30. Kd2 Rd8+ 31. Kc2 Nd5 32. Re1 Ra8 33. Kb3 Rf8 34. Nd3 Rf6 35. Kc4 Nb6+ 36. Kb3 Nd5 1/2-1/2

[Event "GER-ch U16"]
[Site "Willingen"]
[Date "2003.06.08"]
[Round "2"]
[White "Lassan, Christian"]
[Black "Rohde, Torsten"]
[Result "0-1"]
[WhiteElo "2089"]
[BlackElo "2182"]
[PlyCount "110"]
[EventDate "2003.06.08"]
[EventType "swiss"]
[EventRounds "9"]
[EventCountry "GER"]
[SourceTitle "CBM 094 Extra"]
[Source "ChessBase"]
[SourceDate "2003.07.09"]
[SourceVersion "2"]
[SourceVersionDate "2003.07.09"]
[SourceQuality "1"]

1. e4 c5 2. c3 d5 3. exd5 Qxd5 4. d4 Nf6 5. Nf3 Bg4 6. Be2 e6 7. 0-0 Nc6 8. Na3 0-0-0 9. Nc2 Qd7 10. Be3 Nd5 11. Rc1 f6 12. dxc5 e5 13. c4 Nxe3 14. Qxd7+ Bxd7 15. fxe3 Bxc5 16. Rfd1 b6 17. Nfe1 Bf5 18. Bd3 Bg4 19. Nf3 f5 20. h3 e4 21. Bxe4 fxe4 22. hxg4 exf3 23. gxf3 a5 24. b3 Ne5 25. Kg2 Rhf8 26. Rxd8+ Rxd8 27. Kg3 Rd2 28. Nd4 Kd7 29. Rh1 h6 30. Rh5 Nd3 31. Rd5+ Bd6+ 32. f4 Nb4 33. Rf5 Ke7 34. Rh5 Kd7 35. Nb5 Nxa2 36. g5 hxg5 37. Rxg5 Bf8 38. Rg6 Rd3 39. Kf3 Rxb3 40. Rxb6 Bc5 41. Rb7+ Kc6 42. Rxg7 Bxe3 43. Kg4 Nc3 44. Na7+ Kb6 45. Nc8+ Kc5 46. Rc7+ Kb4 47. Rb7+ Ka3 48. Re7 Bc5 49. Rc7 Kb4 50. f5 Ne4 51. Kf4 Nf6 52. Ke5 Ne8 53. Rh7 Re3+ 54. Kf4 Kxc4 55. Rh6 Re1 0-1

[Event "Bad Zwesten op 7th"]
[Site "Bad Zwesten"]
[Date "2003.??.??"]
[Round "9"]
[White "Rohde, Torsten"]
[Black "Bischof, Rainer"]
[Result "1-0"]
[WhiteElo "2196"]
[BlackElo "2036"]
[PlyCount "83"]
[EventDate "2003.01.02"]
[EventType "swiss"]
[EventRounds "9"]
[EventCountry "GER"]
[SourceTitle "CBM 092 Extra"]
[Source "ChessBase"]
[SourceDate "2003.03.07"]
[SourceVersion "1"]
[SourceVersionDate "2003.03.07"]
[SourceQuality "1"]

1. e4 c6 2. d4 d5 3. Nc3 dxe4 4. Nxe4 Bf5 5. Ng3 Bg6 6. h4 h6 7. Nf3 Nd7 8. h5 Bh7 9. Bd3 Bxd3 10. Qxd3 Qc7 11. Bd2 Ngf6 12. 0-0-0 e6 13. Qe2 0-0-0 14. Ne5 Nb6 15. Ba5 Rd5 16. Bxb6 axb6 17. c4 Rd8 18. Kb1 c5 19. dxc5 Bxc5 20. f4 Bd6 21. Ne4 Nxe4 22. Qxe4 f6 23. Ng6 Rhe8 24. Rhe1 e5 25. Rd5 Kb8 26. Red1 Bc5 27. fxe5 fxe5 28. Rxd8+ Rxd8 29. Rxd8+ Qxd8 30. Qxe5+ Ka7 31. Kc2 Bd4 32. Qe7 Bf6 33. Qxd8 Bxd8 34. Kd3 Kb8 35. Ke4 Kc8 36. Kd5 Kd7 37. b3 Bg5 38. Nf8+ Ke7 39. Ne6 Bf6 40. Nc7 Kf7 41. Nb5 g6 42. Nd6+ 1-0

[Event "Goch op 13th"]
[Site "Goch"]
[Date "2002.10.04"]
[Round "3"]
[White "Meijers, Viesturs"]
[Black "Rohde, Torsten"]
[Result "1-0"]
[WhiteElo "2475"]
[BlackElo "2185"]
[PlyCount "95"]
[EventDate "2002.10.03"]
[EventType "swiss"]
[EventRounds "7"]
[EventCountry "GER"]
[SourceTitle "EXT 2004"]
[Source "ChessBase"]
[SourceDate "2003.11.25"]
[SourceVersion "1"]
[SourceVersionDate "2003.11.25"]
[SourceQuality "1"]

1. e4 c5 2. Nf3 d6 3. d4 cxd4 4. Nxd4 Nf6 5. Nc3 g6 6. Be3 Bg7 7. f3 0-0 8. Qd2 Nc6 9. Bc4 Bd7 10. Bb3 Qa5 11. g4 Rfc8 12. h4 Ne5 13. h5 Nc4 14. Bxc4 Rxc4 15. Nb3 Qa6 16. hxg6 fxg6 17. 0-0-0 Rxc3 18. Qxc3 Rc8 19. Qb4 Qe2 20. Bd2 Qxf3 21. Rde1 Nxg4 22. Qxb7 Ne5 23. Kb1 Qf2 24. Bc3 Qb6 25. Qd5+ e6 26. Qd4 Qxd4 27. Nxd4 Ng4 28. Ne2 Nf2 29. Rh4 g5 30. Rh5 Nxe4 31. Bxg7 Kxg7 32. Ng3 Nxg3 33. Rxg5+ Kf6 34. Rxg3 e5 35. Rf1+ Ke6 36. Rh3 Rh8 37. Rfh1 Bc6 38. Rxh7 Rxh7 39. Rxh7 a6 40. Kc1 e4 41. Kd2 Kd5 42. Rh5+ Ke6 43. Ke3 Kd7 44. Rh7+ Ke6 45. Ra7 Ke5 46. Rxa6 Bd7 47. a4 d5 48. c3 1-0

[Event "Goch op 13th"]
[Site "Goch"]
[Date "2002.10.03"]
[Round "1"]
[White "Jess, Stefan"]
[Black "Rohde, Torsten"]
[Result "0-1"]
[WhiteElo "1767"]
[BlackElo "2185"]
[PlyCount "92"]
[EventDate "2002.10.03"]
[EventType "swiss"]
[EventRounds "7"]
[EventCountry "GER"]
[SourceTitle "EXT 2004"]
[Source "ChessBase"]
[SourceDate "2003.11.25"]
[SourceVersion "1"]
[SourceVersionDate "2003.11.25"]
[SourceQuality "1"]

1. e4 c5 2. Nf3 d6 3. d4 cxd4 4. Nxd4 Nf6 5. Nc3 g6 6. Be2 Bg7 7. Be3 0-0 8. f3 Nc6 9. Qd2 Bd7 10. 0-0-0 Nxd4 11. Bxd4 Qa5 12. Kb1 Rfc8 13. h4 Be6 14. Nd5 Qxd2 15. Nxf6+ Bxf6 16. Rxd2 Bxd4 17. Rxd4 Kg7 18. g4 Rc5 19. Rhd1 Rac8 20. c3 h6 21. f4 g5 22. f5 Bc4 23. Bxc4 Rxc4 24. hxg5 hxg5 25. Rxc4 Rxc4 26. Rd4 Rc8 27. Kc2 Rh8 28. e5 dxe5 29. Re4 Kf6 30. b4 e6 31. fxe6 Kxe6 32. c4 f5 33. gxf5+ Kxf5 34. Re2 g4 35. a4 g3 36. Kd3 e4+ 37. Ke3 Rd8 38. Rc2 Rd3+ 39. Ke2 Kf4 40. c5 Re3+ 41. Kf1 Kf3 42. b5 Ra3 43. Rc1 e3 44. c6 bxc6 45. bxc6 e2+ 46. Kg1 Rd3 0-1

[Event "DLM U20"]
[Site "Werfen"]
[Date "2002.07.31"]
[Round "5.5"]
[White "Rohde, Torsten"]
[Black "Siebarth, Marco"]
[Result "1-0"]
[WhiteElo "2185"]
[BlackElo "1735"]
[PlyCount "83"]
[EventDate "2002.07.28"]
[EventType "team-swiss"]
[EventRounds "7"]
[EventCountry "GER"]
[SourceTitle "CBM 089 Extra"]
[Source "ChessBase"]
[SourceDate "2002.09.10"]
[SourceVersion "2"]
[SourceVersionDate "2002.09.10"]
[SourceQuality "1"]

1. e4 d5 2. exd5 Qxd5 3. Nc3 Qa5 4. d4 Nf6 5. Bc4 c6 6. Bd2 Qb6 7. Nf3 Bf5 8. Bb3 e6 9. Qe2 Bd6 10. 0-0-0 0-0 11. h3 Nd5 12. g4 Bg6 13. h4 h6 14. Ne5 Bxe5 15. dxe5 Nd7 16. h5 Bh7 17. Rdg1 Nxc3 18. Bxc3 Nc5 19. g5 hxg5 20. Rxg5 Ne4 21. Rg2 Bf5 22. Rhg1 Kh8 23. Bd2 Rg8 24. Be3 Qb5 25. f3 Nc5 26. Bg5 Nxb3+ 27. axb3 Kh7 28. Rd1 Qa5 29. Kb1 Rad8 30. Bxd8 Rxd8 31. Rgg1 Rd5 32. Rxd5 Qxd5 33. Qe3 Kg8 34. f4 Qe4 35. Qd2 Qd5 36. Qb4 c5 37. Qb5 Qe4 38. Qe8+ Kh7 39. Qxf7 Qxc2+ 40. Ka2 Kh6 41. Qxg7+ Kxh5 42. Qg5# 1-0

[Event "DLM U20"]
[Site "Werfen"]
[Date "2002.07.30"]
[Round "4.5"]
[White "Hauser, Carlos"]
[Black "Rohde, Torsten"]
[Result "0-1"]
[WhiteElo "1829"]
[BlackElo "2185"]
[PlyCount "66"]
[EventDate "2002.07.28"]
[EventType "team-swiss"]
[EventRounds "7"]
[EventCountry "GER"]
[SourceTitle "CBM 089 Extra"]
[Source "ChessBase"]
[SourceDate "2002.09.10"]
[SourceVersion "2"]
[SourceVersionDate "2002.09.10"]
[SourceQuality "1"]

1. d4 Nf6 2. c4 e6 3. Nc3 Bb4 4. e3 b6 5. Bd3 Bb7 6. f3 Bxc3+ 7. bxc3 0-0 8. Ne2 c5 9. 0-0 Nc6 10. Bb2 Na5 11. Qc2 Ba6 12. Rad1 Bxc4 13. Bc1 Rc8 14. Qb1 Qc7 15. e4 cxd4 16. Nxd4 d5 17. Rfe1 Bxd3 18. Rxd3 dxe4 19. fxe4 e5 20. Nf5 Rfd8 21. Rh3 Nc4 22. Bg5 Qc5+ 23. Kh1 Nd2 24. Bxd2 Rxd2 25. Qc1 Rcd8 26. Rg3 g6 27. Nh6+ Kg7 28. Nf5+ Kf8 29. Nh4 Nxe4 30. Rxe4 Rd1+ 31. Re1 Rxc1 32. Rxc1 Rd2 33. Nf3 Rxa2 0-1

[Event "Bad Zwesten op 6th"]
[Site "Bad Zwesten"]
[Date "2002.01.09"]
[Round "8"]
[White "Reh, Philipp"]
[Black "Rohde, Torsten"]
[Result "1/2-1/2"]
[WhiteElo "2146"]
[BlackElo "2010"]
[PlyCount "21"]
[EventDate "2002.01.04"]
[EventType "swiss"]
[EventRounds "9"]
[EventCountry "GER"]
[SourceTitle "CBM 086 Extra"]
[Source "ChessBase"]
[SourceDate "2002.03.14"]
[SourceVersion "1"]
[SourceVersionDate "2002.03.14"]
[SourceQuality "1"]

1. Nf3 c5 2. g3 b6 3. Bg2 Bb7 4. 0-0 Nf6 5. c4 e6 6. Nc3 a6 7. d4 cxd4 8. Qxd4 d6 9. Bg5 Nbd7 10. Rfd1 Qc7 11. Rac1 1/2-1/2

[Event "Bad Zwesten op 6th"]
[Site "Bad Zwesten"]
[Date "2002.01.07"]
[Round "5"]
[White "Rohde, Torsten"]
[Black "Diehle, Julia"]
[Result "1/2-1/2"]
[WhiteElo "2010"]
[BlackElo "1654"]
[PlyCount "81"]
[EventDate "2002.01.04"]
[EventType "swiss"]
[EventRounds "9"]
[EventCountry "GER"]
[SourceTitle "CBM 086 Extra"]
[Source "ChessBase"]
[SourceDate "2002.03.14"]
[SourceVersion "1"]
[SourceVersionDate "2002.03.14"]
[SourceQuality "1"]

1. e4 e5 2. Nf3 Nf6 3. Nxe5 d6 4. Nf3 Nxe4 5. d4 d5 6. Bd3 Bd6 7. 0-0 0-0 8. Re1 Re8 9. c4 c6 10. Nc3 Nxc3 11. bxc3 h6 12. h3 Nd7 13. Rxe8+ Qxe8 14. Qb3 Nf6 15. Ba3 Bxa3 16. Qxa3 Be6 17. Re1 Qd8 18. Ne5 Qc7 19. c5 Nd7 20. Nxd7 Qxd7 21. Rb1 Qc7 22. Qb2 Rb8 23. Qc2 Qa5 24. Rb4 Qc7 25. Qb2 b5 26. Qd2 a5 27. Rb1 a4 28. a3 Re8 29. Re1 Qd8 30. Re3 Qg5 31. Qe2 Qd8 32. Bc2 Bd7 33. Qd3 g6 34. Rxe8+ Qxe8 35. Qe3 Qxe3 36. fxe3 f5 37. Kf2 Kf7 38. Kf3 Kf6 39. Bd3 Bc8 40. Be2 Bd7 41. Bd3 1/2-1/2

[Event "Bad Zwesten op 6th"]
[Site "Bad Zwesten"]
[Date "2002.01.05"]
[Round "3"]
[White "Rohde, Torsten"]
[Black "Weber, Max1111"]
[Result "1/2-1/2"]
[WhiteElo "2010"]
[BlackElo "1376"]
[PlyCount "81"]
[EventDate "2002.01.04"]
[EventType "swiss"]
[EventRounds "9"]
[EventCountry "GER"]
[SourceTitle "CBM 086 Extra"]
[Source "ChessBase"]
[SourceDate "2002.03.14"]
[SourceVersion "1"]
[SourceVersionDate "2002.03.14"]
[SourceQuality "1"]

1. e4 c6 2. d4 d5 3. Nc3 dxe4 4. Nxe4 Nd7 5. Ng5 Ngf6 6. Bd3 e6 7. Ne2 Nb6 8. 0-0 Be7 9. Nf3 0-0 10. Re1 c5 11. c3 a6 12. Bg5 Nbd7 13. Rc1 b6 14. Bb1 Bb7 15. Qd3 Be4 16. Qe3 Bxb1 17. Rxb1 Nd5 18. Bxe7 Qxe7 19. Qd2 Qd8 20. Rbd1 Qc7 21. Ng3 Rad8 22. Qc2 cxd4 23. Rxd4 N7f6 24. Red1 Ne7 25. Ng5 Ng6 26. N5e4 Nxe4 27. Nxe4 Rxd4 28. Rxd4 Rd8 29. Rxd8+ Qxd8 30. Qd2 Qxd2 31. Nxd2 Ne5 32. Kf1 Kf8 33. Ke2 Ke7 34. f3 h6 35. Ke3 Kd6 36. b3 Nc6 37. Ne4+ Kc7 38. Ng3 Kd6 39. Nh5 g6 40. Nf6 Ne7 41. g3 1/2-1/2

[Event "Baunatal op 7th"]
[Site "Baunatal"]
[Date "2001.08.14"]
[Round "5"]
[White "Rohde, Torsten"]
[Black "Hoexter, Heinrich"]
[Result "1/2-1/2"]
[WhiteElo "2010"]
[BlackElo "2163"]
[PlyCount "26"]
[EventDate "2001.08.08"]
[EventType "swiss"]
[EventRounds "7"]
[EventCountry "GER"]
[SourceTitle "EXT 2002"]
[Source "ChessBase"]
[SourceDate "2001.11.25"]
[SourceVersion "1"]
[SourceVersionDate "2001.11.25"]
[SourceQuality "1"]

1. e4 c6 2. d4 d5 3. Nc3 dxe4 4. Nxe4 Bf5 5. Ng3 Bg6 6. h4 h5 7. Nf3 Nd7 8. Bd3 Bxd3 9. Qxd3 Ngf6 10. Bd2 e6 11. 0-0-0 Ng4 12. Qe2 Ndf6 13. c4 Qc7 1/2-1/2